The Children's Book of PROTECTING OUR PLANET (Record no. 797587)

MARC details
000 -LEADER
fixed length control field 00682nam a22002057b 4500
003 - CONTROL NUMBER IDENTIFIER
control field 3228
005 - DATE AND TIME OF LATEST TRANSACTION
control field 20260430150839.0
008 - FIXED-LENGTH DATA ELEMENTS--GENERAL INFORMATION
fixed length control field 260430b sa a|||j |||| 000 0 eng d
020 ## - INTERNATIONAL STANDARD BOOK NUMBER
International Standard Book Number 9781782704553 (paperback)
040 ## - CATALOGING SOURCE
Original cataloging agency MPL
Language of cataloging eng
Transcribing agency 3228
Description conventions Resource Description and Access
041 ## - LANGUAGE CODE
Language code of text/sound track or separate title English
082 #0 - DEWEY DECIMAL CLASSIFICATION NUMBER
Classification number J 333.72 GILE
100 ## - MAIN ENTRY--PERSONAL NAME
9 (RLIN) 90406
Personal name Giles, Sophie
Relator term author
245 ## - TITLE STATEMENT
Title The Children's Book of PROTECTING OUR PLANET
Statement of responsibility, etc. Sophie Giles ; illustrated by Kate Davies
260 ## - PUBLICATION, DISTRIBUTION, ETC.
Place of publication, distribution, etc. Welbeck ;
Name of publisher, distributor, etc. AWARD PUBLICATIONS LIMITED ,
Date of publication, distribution, etc. 2021
300 ## - PHYSICAL DESCRIPTION
Extent unnumbered pages :
Other physical details color illustrations ;
Dimensions 25 cm
500 ## - GENERAL NOTE
General note Includes glossary
700 ## - ADDED ENTRY--PERSONAL NAME
9 (RLIN) 2929
Personal name Davies, Kate
Relator term illustrator
942 ## - ADDED ENTRY ELEMENTS
Source of classification or shelving scheme Dewey Decimal Classification
item type Book
Edition DDC23
-- 165
-- Lerato Kwadi
-- 165
-- Lerato Kwadi
Holdings
Withdrawn status Lost status Source of classification or shelving scheme Damaged status Not for loan Collection code Home library Current library Shelving location Date acquired Total Checkouts Full call number Barcode Date last seen Price effective from item type
    Dewey Decimal Classification     300: Social Science Emakhazeni Main PL (MMID-PLEMA) Emakhazeni Main PL (MMID-PLEMA) Non Fiction 10.06.2026   J 333.72 GILE 3228200082918 10.06.2026 10.06.2026 Book
    Dewey Decimal Classification     300: Social Science Middelburg Regional Library Siyathuthuka PL (MMID-PLEMA-SIYA) Non Fiction 30.04.2026   J 333.72 GILE 33228031041818 30.04.2026 30.04.2026 Book